Statistics for Five Biggest Cities by Map #2

Click here to take the quiz!

General Stats

  • This quiz has been taken 1,528 times
  • The average score is 28 of 40

Answer Stats

RegionPop.City% Correct
106.25 milMadrid
95%
104.65 milBarcelona
93%
161.14 milOslo
93%
162.08 milStockholm
93%
124.13 milCape Town
92%
1213.40 milJohannesburg
92%
161.61 milCopenhagen
91%
161.23 milHelsinki
91%
102.60 milLisbon
91%
134.08 milSeattle
90%
132.50 milVancouver
88%
153.93 milDubai
87%
1428.10 milJakarta
86%
912.70 milRio de Janeiro
85%
119.05 milTaipei
84%
921.80 milSão Paulo
83%
103.68 milAlgiers
82%
104.18 milCasablanca
81%
117.25 milHong Kong
81%
165.45 milSaint Petersburg
81%
146.90 milSingapore
80%
915.80 milBuenos Aires
79%
147.00 milKuala Lumpur
79%
132.28 milPortland
77%
1147.70 milGuangzhou
73%
152.03 milDoha
72%
123.23 milDurban
63%
154.15 milKuwait City
62%
94.93 milBelo Horizonte
54%
131.42 milCalgary
49%
131.27 milEdmonton
46%
121.21 milPort Elizabeth
46%
94.08 milPorto Alegre
46%
122.20 milMaputo
44%
144.70 milSurabaya
40%
1110.00 milXiamen
38%
145.95 milBandung
37%
152.38 milDammam
22%
151.71 milShiraz
17%
117.95 milShantou
16%

Score Distribution

Percentile by Number Answered

Percent of People with Each Score

Your Score History

You have not taken this quiz